Almost Useless TV Trivia VII Quiz Stats

Quiz Updated Jan 6, 2018

Challenge
Share
Tweet
Embed
Score 0/22 Timer 05:00
15 Plays Today
% Correct
Dance Moms
92.5%
Where in the World Is Carmen Sandiego?
88.1%
Knight Rider
87.3%
Curb Your Enthusiasm
84.9%
The Brady Bunch
79.3%
That's So Raven
79%
The O.C.
76.7%
Stranger Things
76%
Growing Pains
72.7%
Six Feet Under
71.1%
All in the Family
69.8%
% Correct
The Handmaid's Tale
69.2%
Homeland
67.6%
This is Us
59.4%
The Mary Tyler Moore Show
59.4%
Rick and Morty
58.4%
The Good Place
55.8%
Lost in Space
51.2%
Riverdale
41%
Teletubbies
35.4%
My Three Sons
33.8%
Gravity Falls
29.7%

You're not logged in!

Compare scores with friends on all Sporcle quizzes.
Join for Free
OR
Log In

You Might Also Like...

Show Comments

Extras

Top Quizzes Today


Score Distribution

Your Account Isn't Verified!

In order to create a playlist on Sporcle, you need to verify the email address you used during registration. Go to your Sporcle Settings to finish the process.

Report this User

Report this user for behavior that violates our Community Guidelines.

Details: